000 00806nam a22002177a 4500
005 20120412162211.0
008 120412t xxu||||| |||| 00| 0 eng d
010 _aENG-104979
020 _a9788189487690
_c500.00
035 _aEN-88512
037 _bDBAD/PUB
040 _aDPL
_bEng
082 _a320.0954
100 _aDatta, Pardip Kumar
_945004
245 _aHeterogeneities :
_cby Pardip kumar Datta
_bidentity formations in modern India /
260 _aNew Delhi
_bTulika Books
_c2010
270 _a35 A/1 (third floor), Shahpur Jat
_bNew Delhi
_e110049
300 _aix,269p.
_c24cm(Hb)
942 _2ddc
_cEN
_mDAT
_h320.0954
999 _c64927
_d64927